[Event "Petrov mem"]
[Site "St Petersburg"]
[Date "1998.??.??"]
[Round "9"]
[White "Yakovich, Yuri"]
[Black "Burmakin, Vladimir"]
[Result "1/2-1/2"]
[WhiteElo "2570"]
[BlackElo "2550"]
[EventDate "1998.??.??"]

1. d4 d5 2. c4 e6 3. Nc3 Be7 4. cxd5 exd5 5. Bf4 c6 6. Qc2 Bd6 7. Bg3 Ne7 
8. e3 Bf5 9. Qb3 Bxg3 10. hxg3 Qb6 11. Be2 Na6 12. g4 Bg6 13. Bxa6 Qxa6 
14. Nge2 Qb6 15. Nf4 Qxb3 16. axb3 a6 17. Nxg6 Nxg6 18. g5 O-O 19. Na4 
Rfe8 20. Nc5 Re7 21. Kd2 Nf8 22. Rh3 Rd8 23. b4 Rd6 24. f4 Rg6 25. g4 f6 
26. gxf6 gxf6 27. Rh4 h5 28. Rg1 hxg4 29. Rgxg4 1/2-1/2

[Event "Presidents Cup "]
[Site "Elista"]
[Date "1998.05.10"]
[Round "2.1"]
[White "Georgiev, Kiril"]
[Black "Vaganian, Rafael A"]
[Result "1/2-1/2"]
[WhiteElo "2675"]
[BlackElo "2630"]
[EventDate "1998.05.07"]

1. d4 d5 2. c4 e6 3. Nc3 Be7 4. cxd5 exd5 5. Bf4 c6 6. Qc2 Bd6 7. Bg3 Ne7 
8. e3 Bf5 9. Bd3 Bxd3 10. Qxd3 Na6 11. Nf3 Nc7 12. O-O O-O 13. Rab1 a5 14.
 Na4 Ne6 15. Rfc1 Nc8 16. Nc5 Qe7 17. Qc2 Bxg3 18. hxg3 Nd6 19. Nd3 g6 20.
 a4 Kg7 21. b4 axb4 22. Rxb4 Ra7 23. Rcb1 Rfa8 24. Qb3 h5 25. Nde5 f6 26. 
Nd3 g5 27. Kf1 Qf7 28. Nd2 Qg6 29. Nc5 Nxc5 30. dxc5 Nf7 31. e4 Rd8 32. 
Rxb7 Rxb7 33. Qxb7 dxe4 34. Nc4 Qf5 35. Qb4 Rd3 36. Re1 Qe6 37. Nd6 Nxd6 
38. cxd6 f5 39. Qb7+ Kg6 40. Qxc6 Rxd6 41. Qc5 Rc6 1/2-1/2

[Event "RUS-Cup"]
[Site "Krasnoyarsk"]
[Date "1998.??.??"]
[Round "9"]
[White "Sherbakov, Ruslan"]
[Black "Malaniuk, Vladimir P"]
[Result "1/2-1/2"]
[WhiteElo "2555"]
[BlackElo "2600"]
[EventDate "1998.??.??"]

1. d4 Nf6 2. c4 e6 3. Nc3 d5 4. cxd5 exd5 5. Bg5 c6 6. e3 Be7 7. Bd3 Nbd7 
8. Nf3 Nh5 9. Bxe7 Qxe7 10. O-O Nhf6 11. Qc2 O-O 1/2-1/2

[Event "RUS-ch51"]
[Site "St Petersburg"]
[Date "1998.07.30"]
[Round "3"]
[White "Volkov, Sergey"]
[Black "Kharlov, Andrei"]
[Result "1-0"]
[WhiteElo "2605"]
[BlackElo "2575"]
[EventDate "1998.07.28"]

1. d4 Nf6 2. c4 e6 3. Nc3 d5 4. cxd5 exd5 5. Bg5 c6 6. e3 Bf5 7. Qf3 Bg6 
8. Bxf6 Qxf6 9. Qxf6 gxf6 10. h4 Nd7 11. h5 Bf5 12. O-O-O O-O-O 13. Nf3 
Bg4 14. Be2 Bxf3 15. Bxf3 f5 16. Be2 Nf6 17. Rh3 Rg8 18. Rf3 Rxg2 19. Rxf5
Be7 20. Rh1 Rdg8 21. Rh3 R8g5 22. Rf4 Kd8 23. Kd1 Ke8 24. Ke1 Kf8 25. Rhf3
Rxh5 26. Rxf6 Bxf6 27. Rxf6 Rh1+ 28. Kd2 h5 29. e4 h4 30. Ke3 h3 31. Rh6 
dxe4 32. Nxe4 Rb1 33. Rxh3 Rxb2 34. Bc4 b5 35. Bb3 a5 36. Rf3 Rg7 37. Kd3 
a4 38. Kc3 Re2 39. Bc2 Rg1 40. Kd3 Ree1 41. Kc3 Ke7 42. a3 Rg4 43. Ng3 c5 
44. Nf5+ Kd7 45. dxc5 Rc4+ 46. Kd2 Ra1 47. Nd6 Rxc5 48. Nxb5 Rxb5 49. Bxa4
Ra2+ 50. Ke1 Ra1+ 51. Ke2 Ra2+ 52. Kf1 Rb2 53. Rf5 Kc6 54. Rxb5 Rxb5 55. 
Ke2 Kc5 56. Bxb5 Kxb5 57. Kd3 Ka4 58. Kc4 1-0

[Event "Roskilde op"]
[Site "Roskilde"]
[Date "1998.??.??"]
[Round "6"]
[White "Mortensen, Erling"]
[Black "Hector, Jonny"]
[Result "0-1"]
[WhiteElo "2510"]
[BlackElo "2505"]
[EventDate "1998.07.17"]

1. c4 e6 2. Nc3 d5 3. cxd5 exd5 4. d4 c6 5. Bf4 Bd6 6. Bg3 Ne7 7. e3 Nf5 
8. Bxd6 Nxd6 9. Bd3 Bf5 10. Bxf5 Nxf5 11. Nf3 Nd7 12. O-O Nd6 13. b4 Nb6 
14. a4 a5 15. bxa5 Nbc4 16. Ne5 Nxa5 17. f3 O-O 18. e4 f6 19. Nd3 Ndc4 20.
 Qe2 dxe4 21. Nxe4 Qxd4+ 22. Kh1 Rae8 23. g4 Ne3 24. Rfe1 Rxe4 25. fxe4 
Qxe4+ 26. Kg1 Re8 27. Rab1 Re7 28. Rb4 Qd5 29. Nf4 Qc5 30. Nd3 Qc3 31. Rc1
Qa3 32. Qd2 Nd5 33. Rbb1 Nb3 34. Rxb3 Qxb3 35. Nc5 Qf3 36. Qd4 Re2 0-1

[Event "AUT-chT 9899"]
[Site "Austria"]
[Date "1999.??.??"]
[Round "?"]
[White "Dizdar, Goran"]
[Black "Groszpeter, Attila"]
[Result "1/2-1/2"]
[WhiteElo "2530"]
[BlackElo "2505"]
[EventDate "1998.??.??"]

1. d4 d5 2. c4 c6 3. Nf3 Nf6 4. Nc3 e6 5. Bg5 Nbd7 6. cxd5 exd5 7. e3 Bd6 
8. Bd3 Nf8 9. Ne5 Qe7 10. f4 h6 11. Bh4 g5 12. fxg5 hxg5 13. Bxg5 Bxe5 14.
 dxe5 Qxe5 15. Bf4 Qe7 16. O-O Nh5 17. Qa4 Nxf4 18. Qxf4 Be6 19. Rac1 Qh4 
20. Na4 Nd7 21. b4 Ke7 22. Nc5 Nxc5 23. bxc5 Qxf4 24. Rxf4 Rhc8 25. Rb1 b6
26. Ba6 Rcb8 27. Rfb4 1/2-1/2

[Event "AUT-chT2M 9899"]
[Site "Austria"]
[Date "1999.03.14"]
[Round "11"]
[White "Bischof, Klaus"]
[Black "Farago, Ivan"]
[Result "1/2-1/2"]
[WhiteElo "2550"]
[BlackElo "2530"]
[EventDate "1998.11.??"]

1. c4 Nf6 2. d4 e6 3. Nc3 Bb4 4. e3 O-O 5. Bd3 d5 6. cxd5 exd5 7. Ne2 Bd6 
8. Bd2 c6 9. h3 Re8 10. Qc2 Nbd7 11. g4 Nf8 12. O-O-O Be6 13. Kb1 c5 14. 
dxc5 Bxc5 15. g5 Nh5 16. Nb5 Rc8 17. Bc3 Qxg5 18. Rhg1 1/2-1/2

[Event "Beersheba-Peterburg Kings m"]
[Site "St Petersburg"]
[Date "1999.06.05"]
[Round "1"]
[White "Avrukh, Boris"]
[Black "Lugovoi, Aleksei"]
[Result "1-0"]
[WhiteElo "2609"]
[BlackElo "2510"]
[EventDate "1999.06.??"]

1. d4 Nf6 2. c4 e6 3. Nc3 d5 4. cxd5 exd5 5. Bg5 Be7 6. e3 O-O 7. Bd3 c6 
8. Nge2 Nbd7 9. O-O Re8 10. Qc2 Nf8 11. f3 g6 12. Rad1 Ne6 13. Bh4 Nh5 14.
 Bf2 f5 15. Kh1 Rf8 16. a3 Neg7 17. b4 a6 18. Na4 Bd6 19. Qc3 Bc7 20. Nc5 
Qd6 21. Bg1 Qe7 22. Bc2 f4 23. Nxf4 Nxf4 24. exf4 Bxf4 25. Nd3 Bd6 26. Ne5
Bf5 27. Bb3 Be6 28. Rde1 a5 29. bxa5 Qc7 30. a4 Qxa5 31. Qc1 Bf5 32. g4 
Be6 33. Bc2 Qc3 34. Re3 Qa5 35. h3 c5 36. Rb3 Qc7 37. Qb2 Rab8 38. Rb6 
cxd4 39. Bxd4 Bc5 40. Bxc5 Qxc5 41. Nc6 Rbe8 42. Rxb7 Rf7 43. Rb6 Qc4 44. 
Rf2 Qf4 45. Kg2 Nh5 46. Qe5 Qh6 47. h4 Nf4+ 48. Kg3 Qf8 49. Nd4 Bxg4 50. 
Qd6 Qg7 51. Rb8 Rxb8 52. Qxb8+ Rf8 53. Qxf8+ Qxf8 54. fxg4 Qa3+ 55. Kxf4 
Qb4 56. Ke3 Qc3+ 57. Bd3 Qe1+ 58. Ne2 Qb4 59. Rf4 Qc5+ 60. Kf3 Qe7 61. g5 
Qb7 62. Rd4 Qf7+ 63. Nf4 Qa7 64. Ne2 Qc5 65. Ke3 Kf7 66. Kd2 Ke7 67. Bc2 
1-0

[Event "Capablanca mem Elite 34th"]
[Site "Havana"]
[Date "1999.05.18"]
[Round "10"]
[White "Baburin, Alexander"]
[Black "Hoffman, Alejandro"]
[Result "1/2-1/2"]
[WhiteElo "2586"]
[BlackElo "2547"]
[EventDate "1999.05.??"]

1. d4 Nf6 2. c4 e6 3. Nc3 d5 4. cxd5 exd5 5. Bg5 Be7 6. e3 c6 7. Qc2 Nbd7 
8. Bd3 Nh5 9. Bxe7 Qxe7 10. Nge2 g6 11. O-O-O Nb6 12. Kb1 Bd7 13. Rc1 
O-O-O 14. Na4 Nxa4 15. Qxa4 Kb8 16. Rc3 Be8 17. Ra3 b6 18. Qc2 Nf6 19. Nc3
Rc8 20. Rc1 c5 21. dxc5 Rxc5 22. Qb3 Bd7 23. Qb4 Re8 24. Qf4+ Qe5 25. Ne2 
Qxf4 26. Nxf4 Rxc1+ 27. Kxc1 g5 28. Ne2 Ng4 29. h3 Nxf2 30. Bxh7 Rh8 31. 
Bc2 g4 32. hxg4 Bxg4 33. Nf4 Rh1+ 34. Kd2 Ne4+ 35. Bxe4 dxe4 36. Ra4 f5 
37. Kc3 Rd1 1/2-1/2

[Event "EU-chT (Men)"]
[Site "Batumi"]
[Date "1999.12.04"]
[Round "6.1"]
[White "Sokolov, Ivan"]
[Black "Beliavsky, Alexander G"]
[Result "1/2-1/2"]
[WhiteElo "2656"]
[BlackElo "2618"]
[EventDate "1999.11.06"]

1. d4 Nf6 2. c4 e6 3. Nc3 d5 4. cxd5 exd5 5. Bg5 c6 6. e3 Be7 7. Bd3 O-O 
8. Qc2 Nbd7 9. Nf3 Re8 10. h3 Nf8 11. O-O g6 12. Rab1 Ne6 13. Bh6 a5 14. 
Ne5 Ng7 15. g4 Nd7 16. f4 Nxe5 17. dxe5 Bc5 18. Rf3 Ne6 19. f5 Ng5 20. 
Bxg5 Qxg5 21. Nxd5 Rxe5 22. Qxc5 Rxd5 23. Qc3 Bxf5 24. e4 Rxd3 25. Qxd3 
Be6 26. Qe3 Qxe3+ 27. Rxe3 Bxa2 28. Ra1 Bc4 29. Rc3 Bb5 30. Rd1 Re8 31. 
Rd7 Rxe4 32. Rxb7 a4 33. Rc2 Re5 34. Ra7 h5 35. Rf2 Bc4 1/2-1/2

[Event "Enghien les Bains 3rd"]
[Site "Enghien les Bains"]
[Date "1999.03.04"]
[Round "2"]
[White "Beliavsky, Alexander G"]
[Black "Rausis, Igors"]
[Result "1-0"]
[WhiteElo "2650"]
[BlackElo "2508"]
[EventDate "1999.03.03"]

1. d4 Nf6 2. c4 e6 3. Nf3 d5 4. Nc3 Nbd7 5. cxd5 exd5 6. Bf4 c6 7. e3 Nb6 
8. Qc2 Bg4 9. Ne5 Bh5 10. f3 Bd6 11. Qd2 Qe7 12. g4 Bg6 13. h4 h6 14. Nxg6
fxg6 15. Bxd6 Qxd6 16. O-O-O O-O-O 17. b3 g5 18. Bd3 Rhe8 19. hxg5 hxg5 
20. Rh3 Kb8 21. Rdh1 a6 22. Bg6 Re7 23. Rh8 Rxh8 24. Rxh8+ Ka7 25. Bd3 Qg3
26. Be2 Qd6 27. Kb2 Qe6 28. Nd1 Qd6 29. Qa5 Nfd7 30. Kc1 Qg3 31. Kd2 Qd6 
32. a4 Qa3 33. Qc3 Qd6 34. Nb2 c5 35. a5 Na8 36. Na4 Qc6 37. dxc5 Nc7 38. 
Nb6 Ne8 39. Qd4 Ndf6 40. Bd3 Rc7 41. b4 Re7 42. Bc2 g6 43. Ba4 Qe6 44. c6 
1-0

[Event "Hastings Challengers"]
[Site "Hastings"]
[Date "1999.01.01"]
[Round "4"]
[White "Kiriakov, Petr"]
[Black "Bischoff, Klaus"]
[Result "1/2-1/2"]
[WhiteElo "2545"]
[BlackElo "2550"]
[EventDate "1998.12.??"]

1. d4 Nf6 2. c4 e6 3. Nc3 d5 4. cxd5 exd5 5. Bg5 c6 6. e3 Be7 7. Qc2 Nbd7 
8. Bd3 Nh5 9. Bxe7 Qxe7 10. Nge2 g6 11. O-O-O Nb6 12. h3 Bd7 13. Kb1 O-O-O
14. Na4 Nxa4 15. Qxa4 Kb8 16. Nc1 1/2-1/2

[Event "Hoogovens-B"]
[Site "Wijk aan Zee"]
[Date "1999.01.21"]
[Round "3"]
[White "Leitao, Rafael"]
[Black "Lputian, Smbat G"]
[Result "1/2-1/2"]
[WhiteElo "2545"]
[BlackElo "2614"]
[EventDate "1999.01.19"]

1. d4 e6 2. c4 d5 3. Nc3 Be7 4. cxd5 exd5 5. Bf4 c6 6. e3 Bf5 7. g4 Be6 8.
 h4 Nf6 9. f3 c5 10. Bd3 Nc6 11. Nge2 O-O 12. h5 cxd4 13. exd4 Ne8 14. Qd2
Nd6 15. Rd1 Nb4 16. Bb1 Nc4 17. Qc1 Rc8 18. a3 Nc6 19. Bd3 Nd6 20. Kf1 a6 
21. Kg2 b5 22. Ng3 Bf6 23. Qb1 h6 24. Nce2 Re8 25. b3 Kf8 26. Qb2 Bg5 27. 
Be5 Be7 28. Nf4 Qb6 29. Nxe6+ fxe6 30. f4 Nf7 31. Bb1 b4 32. a4 Ncxe5 33. 
fxe5 Kg8 34. Ne2 Ng5 35. Rc1 a5 36. Bd3 Qa7 37. Rxc8 Rxc8 38. Rc1 Rf8 39. 
Rf1 Qb8 40. Qc1 Rc8 41. Qe3 Qa7 1/2-1/2

[Event "ISR-chT"]
[Site "Israel"]
[Date "1999.03.26"]
[Round "5"]
[White "Zilberman, Yaacov"]
[Black "Zoler, Dan"]
[Result "1-0"]
[WhiteElo "2513"]
[BlackElo "2524"]
[EventDate "1999.01.??"]

1. d4 Nf6 2. c4 e6 3. Nc3 d5 4. cxd5 exd5 5. Bg5 Be7 6. e3 O-O 7. Bd3 Be6 
8. Nge2 Nbd7 9. O-O c6 10. Qc2 h6 11. Bh4 Nh5 12. Bxe7 Qxe7 13. Rae1 g6 
14. f3 Ng7 15. Qd2 Qg5 16. Nf4 Rae8 17. g3 h5 18. Qf2 h4 19. g4 c5 20. 
Nce2 Qe7 21. Nc3 Qg5 22. Nce2 Qe7 23. dxc5 Nxc5 24. Bb5 Rc8 25. Nd4 a6 26.
 Be2 g5 27. Nd3 f5 28. Nxc5 Rxc5 29. gxf5 Nxf5 30. Nxe6 Qxe6 31. e4 Rc2 
32. exf5 Qxf5 33. Qd4 Qf4 34. Qxf4 Rxf4 35. Rf2 Rd4 36. Bf1 Rdd2 37. Ree2 
Rxe2 38. Rxe2 Rc1 1-0

[Event "Lausanne YM Pool B"]
[Site "Lausanne"]
[Date "1999.05.12"]
[Round "1"]
[White "Kasimdzhanov, Rustam"]
[Black "Asrian, Karen"]
[Result "0-1"]
[WhiteElo "2606"]
[BlackElo "2576"]
[EventDate "1999.05.??"]

1. d4 d5 2. c4 e6 3. Nc3 Nf6 4. cxd5 exd5 5. Bg5 Be7 6. e3 c6 7. Qc2 Nbd7 
8. Bd3 O-O 9. Nf3 Re8 10. O-O Nf8 11. h3 g6 12. Bh6 Nh5 13. Rab1 a5 14. a3
Ng7 15. b4 axb4 16. axb4 Bf5 17. Bxg7 Bxd3 18. Qxd3 Kxg7 19. b5 Bd6 20. 
Rb3 Nd7 21. Rfb1 Ra7 22. g3 Nf6 23. Kg2 Qa8 24. Ne5 c5 25. b6 c4 26. Qd1 
Ra5 27. Rb5 Qa6 28. g4 Rxb5 29. Nxb5 Qxb6 30. Nc3 Qa5 31. g5 Bxe5 32. dxe5
Ne4 33. Nb5 Qa2 34. Qe1 Rxe5 35. h4 Rf5 0-1

[Event "Monarch Assurance 08th"]
[Site "Port Erin"]
[Date "1999.11.14"]
[Round "9"]
[White "Parker, Jonathan"]
[Black "Kiriakov, Petr"]
[Result "1/2-1/2"]
[WhiteElo "2523"]
[BlackElo "2554"]
[EventDate "1999.11.06"]

1. d4 e6 2. c4 Nf6 3. Nf3 d5 4. Nc3 Nbd7 5. cxd5 exd5 6. Bg5 c6 7. e3 Be7 
8. Bd3 Ne4 9. Bxe4 Bxg5 10. Bd3 Be7 11. Qc2 Nf6 12. h3 g6 13. Rb1 O-O 14. 
b4 a6 15. O-O Bd6 16. a4 Re8 17. Rfe1 1/2-1/2

[Event "SUI-chT"]
[Site "Switzerland"]
[Date "1999.??.??"]
[Round "7.1"]
[White "Kallai, Gabor"]
[Black "Jussupow, Artur"]
[Result "0-1"]
[WhiteElo "2525"]
[BlackElo "2641"]
[EventDate "1999.01.??"]

1. d4 Nf6 2. c4 e6 3. Nf3 d5 4. Nc3 Nbd7 5. cxd5 exd5 6. Bg5 Be7 7. e3 O-O
8. Bd3 Re8 9. O-O c6 10. Qc2 Nf8 11. Rab1 Bd6 12. Bf5 Ng6 13. b4 a6 14. a4
b5 15. Bxc8 Rxc8 16. axb5 axb5 17. Ne2 h6 18. Bxf6 Qxf6 19. Nc1 Nh4 20. 
Nxh4 Qxh4 21. g3 Qh3 22. Nd3 h5 23. Qe2 Re6 24. Qf3 h4 25. Rfe1 Rce8 26. 
Rbc1 hxg3 27. hxg3 Rh6 28. Ra1 Ree6 29. Qg2 Qf5 30. Nc5 Bxc5 31. bxc5 g5 
32. g4 Qh7 33. Qg3 Rh3 34. Qb8+ Kg7 35. Kg2 Qe4+ 0-1

[Event "Torre mem op"]
[Site "Yucatan"]
[Date "1999.??.??"]
[Round "8"]
[White "Gulko, Boris F"]
[Black "Nogueiras, Jesus"]
[Result "1/2-1/2"]
[WhiteElo "2618"]
[BlackElo "2559"]
[EventDate "1999.12.??"]

1. c4 e6 2. Nf3 d5 3. d4 Nf6 4. Nc3 c6 5. Bg5 Nbd7 6. cxd5 exd5 7. e3 Be7 
8. Qc2 O-O 9. Bd3 Re8 10. O-O Nf8 11. a3 Ng6 12. Ne5 Nxe5 13. dxe5 Ng4 14.
 Bf4 Bf8 15. Bxh7+ Kh8 16. Bf5 Nxe5 17. Bxc8 Qxc8 18. Rad1 Qg4 19. Bg3 Qg6
20. Qb3 b6 21. Ne2 Nc4 22. Nd4 Qf6 23. Qc2 Rac8 24. a4 Kg8 25. b3 1/2-1/2

[Event "USA-ch Gr-A"]
[Site "Salt Lake City"]
[Date "1999.08.26"]
[Round "4"]
[White "Yermolinsky, Alex"]
[Black "Christiansen, Larry Mark"]
[Result "1-0"]
[WhiteElo "2588"]
[BlackElo "2610"]
[EventDate "1999.08.05"]

1. d4 Nf6 2. Nf3 e6 3. c4 d5 4. Nc3 Nbd7 5. cxd5 exd5 6. Bg5 c6 7. e3 Be7 
8. Qc2 O-O 9. Bd3 Re8 10. O-O Nf8 11. h3 Be6 12. Rfe1 Rc8 13. a3 Ng6 14. 
b4 a5 15. Na4 Ne4 16. Bxe7 Rxe7 17. Nc5 f5 18. bxa5 Qxa5 19. Reb1 Qa7 20. 
a4 Rf8 21. a5 Bc8 22. Rb6 h6 23. Qb3 Kh7 24. a6 Nxc5 25. dxc5 Rf6 26. Nd4 
Ne5 27. Bxf5+ Bxf5 28. Nxf5 Rxf5 29. Qb1 1-0

[Event "YUG-chT"]
[Site "Vrnjacka Banja"]
[Date "1999.??.??"]
[Round "3"]
[White "Abramovic, Bosko"]
[Black "Djuric, Stefan"]
[Result "1/2-1/2"]
[WhiteElo "2505"]
[BlackElo "2504"]
[EventDate "1999.08.??"]

1. d4 Nf6 2. Nf3 d5 3. c4 e6 4. Nc3 c6 5. cxd5 exd5 6. Bg5 Be7 7. e3 Bf5 
8. Bd3 Bxd3 9. Qxd3 Nbd7 10. O-O O-O 11. Bxf6 Nxf6 12. a3 1/2-1/2

[Event "Yangon schev"]
[Site "Yangon"]
[Date "1999.02.02"]
[Round "3"]
[White "Thein, Dan Oo"]
[Black "Ye Naung Win Myint"]
[Result "0-1"]
[WhiteElo "2539"]
[BlackElo "2531"]
[EventDate "1999.01.??"]

1. e4 c6 2. d4 d5 3. exd5 cxd5 4. Bd3 Nf6 5. c3 Nc6 6. Bf4 Bg4 7. Nf3 e6 
8. Nbd2 Bd6 9. Bg3 Rb8 10. O-O O-O 11. Re1 Ne7 12. Be5 Ng6 13. h3 Bf5 14. 
Bxf5 exf5 15. c4 Re8 16. Rc1 Ne4 17. cxd5 Nxe5 18. dxe5 Bxe5 19. Nxe4 fxe4
20. Nxe5 Rxe5 21. Qd4 Qxd5 22. Qxa7 Rbe8 23. Red1 Qb5 24. b3 e3 25. fxe3 
Rxe3 26. Qxe3 Rxe3 27. Rc8+ Re8 28. Rdd8 Qb6+ 0-1

[Event "Yangon schev"]
[Site "Yangon"]
[Date "1999.02.07"]
[Round "8"]
[White "Ye Naung Win Myint"]
[Black "Win Zaw, Tun"]
[Result "1-0"]
[WhiteElo "2531"]
[BlackElo "2503"]
[EventDate "1999.01.??"]

1. d4 Nf6 2. c4 e6 3. Nc3 d5 4. Bg5 Nbd7 5. cxd5 exd5 6. e3 c6 7. Bd3 Be7 
8. Nge2 O-O 9. Qc2 Re8 10. O-O-O Nf8 11. Kb1 Ng4 12. Bxe7 Qxe7 13. Nf4 Nf6
14. h3 Ne6 15. Nfe2 b6 16. g4 Bb7 17. Rhg1 c5 18. g5 Ne4 19. Bxe4 dxe4 20.
 d5 Nxg5 21. Nf4 Rad8 22. Rg3 g6 23. h4 Nf3 24. h5 Bc8 25. hxg6 fxg6 26. 
Nb5 Bf5 27. d6 Qf8 28. Qc3 a6 29. Nc7 Rxd6 30. Qb3+ c4 31. Qxc4+ Kh8 32. 
Qc3+ Re5 33. Ncd5 Qc8 34. Qa3 Qd7 35. Rc1 g5 36. Nxb6 Qe7 37. Nfd5 Rc6 38.
 Rxc6 Qxa3 39. bxa3 h5 40. Rh6+ Kg7 41. Rxh5 Be6 42. Nc3 Bf7 43. Rh1 Be6 
44. Rd1 g4 45. Rd6 Kf7 46. Nbd5 Rh5 47. Nf4 Rh1+ 48. Kb2 Bc8 1-0

[Event "AUT-chT 0001"]
[Site "Austria"]
[Date "2000.11.18"]
[Round "4.1"]
[White "Hertneck, Gerald"]
[Black "Pinter, Jozsef"]
[Result "0-1"]
[WhiteElo "2571"]
[BlackElo "2553"]
[EventDate "2000.10.??"]

1. d4 Nf6 2. c4 e6 3. Nf3 d5 4. Nc3 c6 5. Bg5 Nbd7 6. cxd5 exd5 7. e3 Be7 
8. Bd3 O-O 9. Qc2 Re8 10. h3 Nf8 11. Bf4 Be6 12. O-O-O a5 13. Kb1 Rc8 14. 
g4 b5 15. g5 N6d7 16. Rdg1 g6 17. h4 b4 18. Na4 c5 19. dxc5 Nxc5 20. Nxc5 
Bxc5 21. Qa4 Bb6 22. h5 d4 23. e4 Nd7 24. Qd1 b3 25. a3 a4 26. Bb5 Bc4 27.
 Bxc4 Rxc4 28. Qd3 Rc2 29. hxg6 fxg6 30. Ne1 Nc5 31. Qh3 Qe7 32. Nxc2 
bxc2+ 33. Kxc2 Qxe4+ 34. Kd1 Qe2+ 0-1

[Event "Albert m"]
[Site "Albert"]
[Date "2000.10.10"]
[Round "1"]
[White "Bacrot, Etienne"]
[Black "Short, Nigel D"]
[Result "1/2-1/2"]
[WhiteElo "2613"]
[BlackElo "2677"]
[EventDate "2000.10.10"]

1. d4 e6 2. c4 Nf6 3. Nc3 d5 4. cxd5 exd5 5. Bg5 c6 6. e3 Bf5 7. Qf3 Bg6 
8. Bxf6 Qxf6 9. Qxf6 gxf6 10. h4 Nd7 11. h5 Bf5 12. f3 Be6 13. Bd3 f5 14. 
Nge2 Bd6 15. h6 Ke7 16. Kf2 Rag8 17. Nf4 Nf6 18. Nh5 Nxh5 19. Rxh5 Kf6 20.
 Ne2 b6 21. f4 c5 22. Rah1 Rg6 23. g3 Rhg8 24. R5h3 Rc8 25. Nc3 c4 26. Bc2
Bb4 27. Ne2 Bd2 28. Rd1 Bb4 29. Rh5 b5 30. Rdh1 Bd2 31. Rd1 Bb4 32. Rdh1 
Bd2 33. Rd1 Bb4 1/2-1/2

[Event "Asia-ch"]
[Site "Udaipur"]
[Date "2000.01.16"]
[Round "6"]
[White "Vakhidov, Tahir"]
[Black "Dao Thien Hai"]
[Result "0-1"]
[WhiteElo "2505"]
[BlackElo "2550"]
[EventDate "2000.01.10"]

1. d4 d5 2. c4 e6 3. Nc3 c6 4. cxd5 exd5 5. Nf3 Bd6 6. Bg5 Qb6 7. Qc1 Bf5 
8. e3 Nd7 9. Be2 Ne7 10. Bh4 Bg6 11. Bg3 Nf5 12. Nh4 Nxh4 13. Bxh4 f5 14. 
Qd2 O-O 15. Bg3 Qc7 16. Bxd6 Qxd6 17. g3 Nf6 18. Bf3 Rae8 19. O-O Ne4 20. 
Qd1 Qb4 21. Qc1 Re7 22. a3 Qb3 23. Bd1 Qb6 24. Na4 Qc7 25. Nc5 Nxc5 26. 
Qxc5 f4 27. gxf4 Bd3 28. Re1 Rxf4 29. Qc3 Rxf2 30. Kxf2 Qxh2+ 31. Kf3 Rf7+
32. Kg4 h5+ 0-1

[Event "BL2-West 0001"]
[Site "Germany"]
[Date "2000.10.15"]
[Round "1.1"]
[White "Aleksandrov, Aleksej"]
[Black "Smagin, Sergey"]
[Result "0-1"]
[WhiteElo "2591"]
[BlackElo "2605"]
[EventDate "2000.10.15"]

1. d4 Nf6 2. c4 e6 3. Nc3 d5 4. Nf3 Nbd7 5. cxd5 exd5 6. Bf4 c6 7. e3 Nh5 
8. Be5 Nxe5 9. dxe5 g6 10. Be2 Bg4 11. Qa4 Bd7 12. O-O Be7 13. Rfd1 O-O 
14. e4 dxe4 15. Qxe4 Qc7 16. Rac1 Rad8 17. Qe3 Qb6 18. Qxb6 axb6 19. Ne4 
0-1

[Event "CZE-ch"]
[Site "Opava"]
[Date "2000.05.25"]
[Round "4"]
[White "Hracek, Zbynek"]
[Black "Polak, Tomas"]
[Result "1/2-1/2"]
[WhiteElo "2620"]
[BlackElo "2503"]
[EventDate "2000.05.22"]

1. d4 Nf6 2. c4 e6 3. Nc3 d5 4. cxd5 exd5 5. Bg5 c6 6. e3 Be7 7. Bd3 Nbd7 
8. Nge2 O-O 9. Qc2 Re8 10. O-O Nf8 11. f3 Ng6 12. Rad1 Be6 13. Kh1 Rc8 14.
 a3 a6 15. Ng3 Rc7 16. b4 Kh8 17. Rde1 Ng8 18. Bxe7 Rcxe7 19. Nce2 Nf6 20.
 e4 dxe4 21. fxe4 Ng4 22. Qc3 Rd7 23. h3 Qh4 24. Rf3 Nf6 25. Kg1 Red8 26. 
Ref1 Qh6 27. Bc2 Nh4 28. R3f2 Qg5 29. Bb3 h6 30. Kh2 Ng6 31. Bc2 Qh4 32. 
Kg1 Nh5 33. Nf5 Qg5 34. Kh2 Nh4 35. g4 Nf6 36. Nxg7 Nxg4+ 37. hxg4 1/2-1/2

[Event "Chania op 10th"]
[Site "Chania"]
[Date "2000.08.09"]
[Round "8"]
[White "Turov, Maxim"]
[Black "Ovsejevitsch, Sergei"]
[Result "1/2-1/2"]
[WhiteElo "2539"]
[BlackElo "2526"]
[EventDate "2000.08.03"]

1. d4 d5 2. c4 e6 3. Nc3 Nf6 4. Bg5 Be7 5. cxd5 exd5 6. Qc2 c6 7. e3 Nbd7 
8. Bd3 O-O 9. Nf3 Re8 10. O-O Nf8 11. Rab1 Ng6 12. b4 a6 13. a4 Bd6 14. b5
axb5 15. axb5 h6 16. bxc6 bxc6 17. Bxf6 Qxf6 18. e4 Nf4 19. e5 Qe6 20. Ne2
Nxd3 21. Qxd3 Bf8 1/2-1/2

[Event "Dubai op"]
[Site "Dubai"]
[Date "2000.05.01"]
[Round "4"]
[White "Sakaev, Konstantin"]
[Black "Asrian, Karen"]
[Result "1/2-1/2"]
[WhiteElo "2629"]
[BlackElo "2572"]
[EventDate "2000.04.28"]

1. d4 d5 2. c4 e6 3. Nc3 Nf6 4. cxd5 exd5 5. Bg5 Be7 6. e3 O-O 7. Bd3 Nbd7
8. Nge2 Re8 9. O-O c6 10. Qc2 Nf8 11. f3 Be6 12. Rae1 Rc8 13. Kh1 N6d7 14.
 Bxe7 Qxe7 15. Nf4 Qd6 16. Qd2 Rcd8 17. e4 dxe4 18. Nxe4 Qc7 19. Nh5 f6 
20. Qb4 Bd5 21. Bc4 Re6 22. Bxd5 cxd5 23. Nc3 Nb6 24. Rxe6 Nxe6 25. Re1 
Qf7 26. Ng3 Re8 27. Nf5 Nf4 28. Rxe8+ Qxe8 29. Qe7 Qxe7 30. Nxe7+ Kf8 31. 
Nf5 Ne6 32. Kg1 g6 33. Nd6 Nxd4 34. Nxb7 Nc6 35. Nc5 Ke7 36. Nb5 Nd7 37. 
Nd3 Nde5 38. Nc5 Nd7 39. Nb3 Nde5 40. N3d4 a6 41. Nxc6+ Nxc6 42. Nc3 
1/2-1/2

[Event "FRA-ch Pool B"]
[Site "Vichy"]
[Date "2000.08.15"]
[Round "1"]
[White "Vaisser, Anatoli"]
[Black "Koch, Jean Rene"]
[Result "1/2-1/2"]
[WhiteElo "2537"]
[BlackElo "2509"]
[EventDate "2000.08.15"]

1. d4 Nf6 2. Nf3 c5 3. e3 cxd4 4. exd4 d5 5. Bd3 Bg4 6. c3 Nc6 7. Nbd2 e6 
8. Qa4 Nd7 9. Ne5 Ncxe5 10. dxe5 Bh5 11. Nb3 Bg6 12. Be2 a6 13. Be3 Be7 
14. O-O O-O 15. f4 Bc2 16. Qd4 Bxb3 17. axb3 Bc5 18. Qd2 Qb6 19. Bxc5 Nxc5
20. Qe3 Nd7 21. Qxb6 Nxb6 22. Rfd1 f6 23. exf6 Rxf6 24. Rd4 Re8 25. Rb4 e5
26. fxe5 Rxe5 27. Bf3 Re7 28. Rf1 Rd7 29. Rd4 Kf8 30. Rfd1 Ke7 31. Bxd5 
Nxd5 32. Rxd5 Rxd5 33. Rxd5 h6 34. b4 Ke6 35. Rd2 Rf7 36. Rf2 Rd7 37. Re2+
Kf6 38. Kf2 Rd1 39. Ke3 Ke6 40. Rd2 Rh1 41. h3 Re1+ 42. Kd4 Kd6 43. c4 Kc6
44. Rf2 Re7 45. h4 Rd7+ 46. Kc3 Re7 47. Rf3 Re4 48. Rg3 Rxh4 49. Rg6+ Kc7 
50. Rxg7+ Kc6 51. g3 Rh2 52. Rg6+ Kc7 53. Kd4 Rxb2 54. Kc5 h5 55. Rg7+ Kb8
56. Rg5 Rb3 57. b5 axb5 58. cxb5 Ka7 59. Rg8 Rc3+ 60. Kb4 Rc1 61. Rg5 Rg1 
62. Kc5 Rh1 63. Rg8 Rc1+ 64. Kb4 1/2-1/2

[Event "FRA-chT 9900"]
[Site "France"]
[Date "2000.03.30"]
[Round "4.1"]
[White "Khenkin, Igor"]
[Black "Dorfman, Josif D"]
[Result "1/2-1/2"]
[WhiteElo "2622"]
[BlackElo "2593"]
[EventDate "1999.02.04"]

1. d4 Nf6 2. c4 e6 3. Nf3 d5 4. Nc3 c6 5. Bg5 Nbd7 6. cxd5 exd5 7. e3 Be7 
8. Bd3 O-O 9. Qc2 Re8 10. h3 Nf8 11. O-O Ne4 12. Bf4 Ng5 13. Bxg5 Bxg5 14.
 b4 Be7 15. b5 Bd6 16. bxc6 bxc6 17. e4 Qa5 18. Nd2 dxe4 19. Bxe4 Bd7 20. 
Nc4 Qc7 21. Nxd6 Qxd6 1/2-1/2